[Event "Shenzhen FIDE GP (Women)"]
[Site "Shenzhen"]
[Date "2011.09.09"]
[Round "3"]
[White "Hou, Yifan"]
[Black "Yildiz Kadioglu, Betul Cemre"]
[Result "1/2-1/2"]
[WhiteElo "2578"]
[BlackElo "2308"]
[Annotator "Mikhalchishin,A"]
[PlyCount "179"]
[EventDate "2011.09.07"]
[EventType "tourn"]
[EventRounds "11"]
[EventCountry "CHN"]
[EventCategory "10"]
[SourceTitle "CBM 145"]
[Source "ChessBase"]
[SourceDate "2011.11.11"]
[SourceVersion "1"]
[SourceVersionDate "2011.11.11"]
[SourceQuality "1"]

{The first and most important problem is how to play against the World
Champion with Black? It is an important part of chess psychology as in womens
chess it is more important than knowledge of long lines. The preparation was
to play with Black very aggressively, not taking a step back! The motto was
RUSSIANS AND TURKS NEVER RETREAT! Geoffrey Borg, chief of FIDE Grand Prix gave
good advice, explaining, that Hou Yifan plays technical positions like a
computer! So, there is no other way of playing her, than to try be better
prepared in the opening and to conduct a very active strategy at every moment.
Betul, you have nothing to lose, every result is good; it's a great honour to
play the World Champion and every positive result will be a huge boost for you.
} 1. e4 e5 2. Nf3 Nc6 3. Bc4 {Hou Yifan is by far the best female specialist
in the Spanish, but as she is was preparing for the the match for the World
Championship against Humpy Koneru, I recommended her to change it immediately!
and to be very careful not to show her preparation. So, she has chosen the so
called GIUOCO PIANO in recent competitions, where opening knowledge is not
that important. Events are slowly developing and there is no danger of meeting
any surprise opening preparation.} Nf6 4. d3 Be7 5. Bb3 O-O 6. O-O d6 7. c3 Na5
8. Bc2 c5 9. Nbd2 Nc6 10. Re1 ({Somebody offered a change of direction here:} 
10. a3 $5 {preparing b2-b4, which in my opinion is worth trying.}) 10... Re8 {
Aleksander Beliavsky's favourite plan.} ({It is more common to protect the
e5-pawn differently, preparing for a central break. Betul has great practice
in similar structures, which she defended well including some moments against
such top players as Aleksandra Kosteniuk and Tatiana Kosintseva.} 10... Qc7)
11. Nf1 h6 12. h3 Bf8 {Now after the pre-prepared setup is completed, Black is
ready to counter in the centre with ...d6-d5.} 13. N3h2 $6 {To be honest -
this is a strange way to handle the classical Spanish position, but this move
has been used by such experts of these lines as GMs Yudasin and Nevednichy! To
move the knight from the centre is wrong, up to the moment, when the centre is
closed or defined, like in classic games of Fischer, who introduced this
knight manoeuvre to modern practice.} (13. Ng3 Be6 (13... g6 14. d4 cxd4 15.
cxd4 exd4 16. Nxd4 Nxd4 17. Qxd4 Bg7 18. Qd1 Be6 19. Be3 a6 20. Qd2 Rc8 21. f4
h5 22. f5 gxf5 23. exf5 Bd5 24. Bd4 h4 25. Nh1 Be4 {and Black is slightly
better, Nevednichy,V (2544)-Ivanovic,B (2439)/Petrovac 2004}) 14. d4 cxd4 15.
cxd4 exd4 16. Nxd4 Nxd4 17. Qxd4 Nd7 18. Bf4 Rc8 19. Bb3 Nc5 20. Bd5 Qh4 21.
Bd2 Be7 22. Bxe6 fxe6 23. Bc3 Bf6 24. Qe3 Bxc3 25. Qxc3 Qf6 26. Qd2 Red8 27.
Rac1 a5 28. b3 b6 29. Rc4 Rc7 30. Rd4 Rcd7 31. b4 axb4 32. Qxb4 Ra8 {and Black
has some more weaknesses but can hold, Kobalia,M (2639)-Atalik,S (2568)/
Istanbul 2003}) (13. d4 exd4 14. cxd4 cxd4 ({A very interesting option is to
counter White's central break with} 14... d5 15. e5 Ne4 16. dxc5 Nxc5 17. Ng3 (
17. a3 a5 18. Ng3 d4 19. Ne4 Nxe5 20. Nxd4 Bxh3 21. Be3 Bg4 22. f3 Bh5 23. Bf2
Bg6 24. Rc1 Rc8 25. Nxc5 Bxc5 26. Ba4 Bxd4 27. Qxd4 Rxc1 28. Rxc1 Qg5 {with
sufficient counterplay, Sermek,D (2490)-Stevic,H (2300)/Makarska 1995}) 17...
b6 18. Bd2 a5 19. Bc3 g6 20. Nd4 Nxd4 21. Bxd4 Rb8 22. Qf3 Ne6 23. Rad1 Nxd4
24. Rxd4 Qc7 25. Bb3 Rxe5 26. Rxe5 Qxe5 27. Rxd5 Qe1+ 28. Kh2 Be6 {The
position is equal, Caposciutti,M (2315)-Arlandi,E (2440)/Forli 1993}) 15. Nxd4
Bd7 (15... Nxd4 16. Qxd4 Bd7 17. Bf4 Bc6 18. Ng3 d5 19. e5 Ne4 20. Nxe4 dxe4
21. Qxd8 Raxd8 22. Bxe4 Bxe4 23. Rxe4 g5 24. Be3 f5 25. Rd4 {with a better
endgame, Michiels,B (2459)-Denny,K (2316)/Khanty-Mansiysk 2010}) 16. Ng3 d5 17.
Nxc6 (17. Bf4 $142 Bb4 18. Re2 Nxe4 19. Nxe4 dxe4 20. Bxe4 Qf6 $11) 17... Bxc6
18. e5 Ne4 19. Bf4 $6 (19. Nxe4 {is slightly better:} dxe4 20. Bf4 g5 21. Bg3
Qxd1 22. Raxd1 Bg7 23. Bxe4 Bxe4 24. Rxe4 f5 $1 25. Re2 f4 26. Bh2 Rxe5 (26...
Rad8 27. Rxd8 Rxd8) 27. Rxe5 Bxe5 $15 {Nevednichy,V (2535)-Bruzon,L (2625)/
Benasque 2004}) 19... Qh4 20. Qf3 Ng5 21. Bxg5 Qxg5 22. Qd3 g6 23. f4 Qxf4 24.
Nh5 Bc5+ 25. Kh1 gxh5 $2 (25... Qg5 26. Nf6+ Kg7 27. Nxe8+ Rxe8 {promised
Black the retention of a serious initiative}) 26. Rf1 Bf2 27. Rxf2 Qxf2 28.
Qh7+ Kf8 29. Qxh6+ Kg8 30. Qh7+ Kf8 31. Qh6+ Kg8 32. Bh7+ {White has a
perpetual and can continue his attack, Jonkman,H (2417)-Ris,R (2300)/Hoogeveen
2004}) (13. Ne3 Be6 14. Nh2 d5 15. Nhg4 d4 16. Nf5 b5 17. Qf3 Nxg4 18. hxg4 Qa5
19. Bd2 dxc3 20. bxc3 Nd4 21. Qd1 Nxc2 22. Qxc2 Qa4 23. Qxa4 bxa4 24. Red1 Red8
25. Be1 Rd7 26. Rd2 Rad8 27. Rad1 g6 28. Ne3 Be7 {Black has serious pressure
on d3,which allows him to hope for a win, Souleidis,G (2433)-Van den Doel,E 
(2571)/Koelln 2006}) 13... d5 ({It is possible to continue the improvement of
the pieces} 13... g6 14. Ne3 Be6 15. Qf3 Bg7 16. Nd5 Bxd5 17. exd5 Ne7 18. Bxh6
Bxh6 19. Qxf6 Nxd5 20. Qf3 Nf4 21. Bb3 d5 22. Ng4 Bg7 23. Rad1 Qd6 24. h4 Rad8
25. g3 Ne6 26. Ne3 Nc7 27. h5 b5 28. hxg6 fxg6 29. a4 a6 30. axb5 axb5 {
with a very comfortable black play, Nepomniachtchi,I (2613)-Cebalo,M (2533)/
Biel 2007}) 14. exd5 {Generally in such situations it is better not to reduce
the pressure in the centre. So, all other moves look more logical.} (14. Qf3 d4
15. Bb3 $146 (15. Ng3 {is weaker:} g6 16. Bb3 Be6 17. Bxe6 Rxe6 18. c4 Rb8 19.
Bd2 b5 20. cxb5 Rxb5 21. b3 a5 22. h4 h5 $15 {Yudasin,L (2605)-Nikolic,P (2625)
/Tilburg 1993}) 15... Na5 16. Ba4 Bd7 17. Bxd7 Nxd7 $11 18. c4 $6 a6 19. Ng3 b5
20. b3 g6 21. Bd2 Nc6 22. Ng4 Qh4 $15 {0-1 Nevednichy,V (2563)-Beliavsky,A 
(2638)/Jugoslavija 2001}) (14. Ng4 d4 15. Bb3 Be6 16. Bxe6 Rxe6 17. c4 Nxg4 18.
hxg4 Rg6 19. g3 a6 20. Nh2 Be7 21. f4 b5 22. b3 bxc4 23. bxc4 Rb8 24. f5 Rd6
25. Nf3 Qa5 26. a4 Bf6 27. Bd2 Qd8 28. Rb1 Nb4 {and Black controls the game,
Vratonjic,S (2447)-Popov,S (2477)/Mataruska Banja 2007}) 14... Nxd5 15. Qf3 Be6
({The aggressive approach with} 15... f5 {was a bit risky:} 16. Ng3 g6 17. h4
$1 h5 18. Bg5 Be7 19. Bxe7 Rxe7 20. Qd1 $1 Be6 21. Nf3 {and the weakness on g5
is very unpleasant.}) 16. Ng4 Qc7 (16... f6 {might be more solid:} 17. Bb3 Kh8)
17. Ng3 Rad8 (17... Nf4 {was too risky:} 18. Bxf4 (18. Nxe5 Nxh3+ 19. gxh3 Nxe5
) 18... exf4 19. Nh5 Bd6 20. d4 cxd4 21. Qd3) 18. Bd2 Nde7 ({Now} 18... Nf4 {
was possible:} 19. Bxf4 exf4 20. Nh5 Bd6 21. Bb3 Kh8) 19. Nh5 Ng6 20. Qg3 Kh8 (
{It was possible to protect the f6-square more directly:} 20... Be7) 21. Rad1 (
{It was more logical to double on the e-file:} 21. Re2) 21... Bf5 ({The
possible, but risky pawn capture} 21... Bxa2 {was too complicated to calculate:
} 22. b3 Na5 23. c4 Nxb3 24. Bc3 Nd4 25. Bxd4 cxd4 26. Ra1 Qa5) 22. Qf3 Nh4 ({
It was better to return} 22... Be6) 23. Qg3 Ng6 24. Bc1 c4 25. Rd2 ({And now} 
25. Qf3 {was wrong:} Nh4 26. Qg3 cxd3) 25... cxd3 ({Now Black has a huge
advantage after} 25... Nf4 $1) 26. Bxd3 Bxd3 27. Rxd3 Rxd3 ({There were two
options which still kept Black's advantage:} 27... Nf4) (27... Qa5) 28. Qxd3
Rd8 29. Qe4 Qd7 30. Ne3 {Now the position is equal. But control over the
central file still gives Black some chances to play for an advantage.} Qe6 31.
b3 Nge7 32. Ng3 Nd5 33. Qc2 $2 ({White did not like to suffer without the
d-file after} 33. Nxd5 Qxd5) 33... Nxe3 $2 {An automatic exchange, but some
slight tactics would win a pawn:} (33... Nxc3 $1) 34. Bxe3 Qd5 35. Qf5 Qd7 ({
A clear advantage for Black followed} 35... g6 36. Qf6+ Kg8 37. Qh4 Qd3 38.
Bxh6 Qxc3) 36. Qh5 Kg8 37. Qf3 (37. Nf5 {was dangerous:} Kh7) 37... Qe6 38. Qe4
Qd5 39. Qg4 Qd7 40. Nf5 Kh7 41. Bc1 Qe6 (41... Qd3 {was very unpleasant}) 42.
Ne3 ({There was another slightly more technical retreat} 42. Ng3 {as White
would keep the option to come to the central square e4.}) 42... Qxg4 43. hxg4
Rd3 44. Bb2 Bc5 ({It was possible to try to bring the king closer to the
centre. The endgame is always slightly better for Black.} 44... Kg6) 45. Rd1
Rxd1+ 46. Nxd1 Kg6 (46... e4 {was very strong:} 47. c4 Kg6 48. Kf1 Nb4) 47. Kh2
f5 ({Once more} 47... e4) 48. Kg3 h5 49. gxf5+ Kxf5 50. b4 Bb6 ({Another
retreat was} 50... Be7) 51. Bc1 g5 ({A very good idea was to try to penetrate
the white position with the king:} 51... Ke4 52. Nb2 h4+ 53. Kxh4 Bxf2+) 52. a4
a6 (52... e4 {was still very good}) 53. a5 Ba7 (53... Bc7 {was better}) 54. f3
Ne7 55. Bd2 Nd5 (55... Kf6 {with the idea to place the knight on f5.}) 56. c4
Nf4 (56... Nf6 {was very good}) 57. c5 Bb8 (57... Nd3 {was still good:} 58.
Ne3+ Kf6 59. Nd5+ Ke6) 58. Kf2 Nd5 59. Ne3+ Nxe3 60. Kxe3 Bc7 ({In this bishop
ending it was still possible to try to win:} 60... g4 61. fxg4+ hxg4 62. Be1
Bc7 63. Bh4 e4) 61. Kd3 g4 62. fxg4+ Kxg4 ({There is practically no difference
after} 62... hxg4 {with equal play.}) 63. Be1 Kf5 64. Kc4 Ke4 $2 ({The wrong
direction, it was safer to be closer to her own pawns:} 64... Ke6) 65. c6 b6
66. axb6 Bxb6 67. b5 $2 {It is always dangerous to exchange such pawns, but
White desperately wanted to come with her king.} ({White could try to exploit
the winning chances which have suddenly appeared in a different way:} 67. Bf2
Bc7 68. Bg3 Bd8 ({Same is} 68... Bd6 {is the same:} 69. Bh2 h4 70. Bg1) 69. Kc5
Bc7 70. Bh2 h4 71. Bg1 Kf5 72. Bf2 {and the h4-pawn is in trouble.}) 67...
axb5+ 68. Kxb5 Bc7 69. Ba5 ({Tempting was either} 69. Ka6 Kd5 70. Kb7 Bd6 71.
c7 ({The oObvious deflection would be met by a sacrifice} 71. Bb4 Bb8 $1 {
transposing into a similar ending to that in the game.}) 71... Bxc7 72. Kxc7 e4
73. Bh4 e3 74. Kd7 Ke4 (74... e2 {lost:} 75. Bg3 Kd4 76. Ke6 Ke4 77. Kf6) 75.
Ke6 Kf4 76. Be1 Kg4 {and it's the same draw as in the game.}) 69... Bd6 70. Kb6
$6 ({The chances for a win were slim even after the correct king retreat} 70.
Kc4 Bb8 71. Bb6 Bd6 72. Kc3 ({Or} 72. Ba7 Kf4 73. Kd5 Bc7 74. Ke6 e4) 72... Kf4
{immediately trying to attack the pawn on g2.}) 70... Kd5 71. Bb4 Bb8 72. c7 ({
Or} 72. Kb7 e4) 72... Bxc7+ 73. Kxc7 e4 74. Kd7 Ke5 75. Be1 e3 76. Ke7 Kf4 77.
Kf6 Kg4 78. g3 ({Black threated to exchange White's last pawn:} 78. Ke5 h4 79.
Ke4 h3) 78... Kf3 79. Kg5 Ke2 $1 {Black has to control the g3-pawn and the f2-
and f1-squares.} 80. Bb4 Kf3 81. Kh4 Kg2 82. Be1 Kf1 83. Bc3 Kg2 84. Bb4 e2 85.
Bc3 Kf2 86. Bd2 Kg2 87. Be1 Kf1 88. Bd2 Kg2 89. Be1 Kf1 90. Bd2 1/2-1/2

[Event "Gibraltar Masters 15th"]
[Site "Caleta"]
[Date "2017.02.02"]
[Round "10"]
[White "Muzychuk, Anna"]
[Black "Zhukova, Natalia"]
[Result "1-0"]
[WhiteElo "2558"]
[BlackElo "2447"]
[Annotator "Navara,D"]
[PlyCount "86"]
[EventDate "2017.01.24"]
[EventType "swiss"]
[EventRounds "10"]
[EventCountry "GGB"]
[SourceTitle "CBM 177"]
[Source "ChessBase"]
[SourceDate "2017.03.16"]
[SourceVersion "1"]
[SourceVersionDate "2017.03.16"]
[SourceQuality "1"]

1. e4 e5 2. Nf3 Nc6 3. Bc4 Nf6 4. d3 h6 {Black can afford this loss of time,
as White's last move gives her some time to complete the development. Black
prepares the fianchetto and needs to protect the g5-square.} 5. O-O d6 6. c3 g6
7. Re1 Bg7 8. d4 Qe7 9. Nbd2 O-O 10. b4 $5 {An enterprising idea. White
prepares her queenside play without any loss of time.} (10. h3 {is the most
common continuation.}) 10... exd4 {This is critical for the evaluation of 10.
b4.} 11. cxd4 Nd7 {This is a decent move, albeit not the only one.} (11... Nxb4
{could be met by} 12. e5 {or} (12. Qb3 {, possibly both in any order. Still,
the position would remain fairly unclear. In the latter case,} a5 {might be
the best way to neutralise the danger along the a3-f8 diagonal.})) 12. e5 dxe5
13. b5 Nd8 $2 {This unfortunate move leaves Black's pieces in disarray.} (13...
Na5 14. Bf1 b6 $11 {was to be preferred.}) 14. Qb3 $16 c5 $5 {This is a clever
attempt to confuse matters, but it cannot alter the evaluation.} (14... Re8 15.
Ba3 Qf6 16. Ne4 Qb6 17. dxe5 Nxe5 $2 18. Bc5 Qa5 19. Nxe5 Rxe5 20. Bd4 $18) 15.
bxc6 Nxc6 16. Ba3 Qd8 17. Bxf8 Qxf8 18. dxe5 Ndxe5 19. Nxe5 Nxe5 20. Bd5 $16 {
White has achieved a clear advantage and went on to win the game.} Bf5 21. Ne4
Rd8 22. Rad1 b6 23. h3 Kh7 24. Kh1 Bxe4 25. Bxe4 f5 26. Bd5 h5 27. f4 Nd7 28.
Qd3 Bf6 29. Qa6 Kh6 30. Qxa7 Qb4 31. Bg8 Rxg8 32. Qxd7 Rd8 33. Qf7 Bh4 34. Rf1
Rxd1 35. Rxd1 Qxf4 36. Qf8+ Kg5 37. Qd8+ Kh6 38. Qh8+ Kg5 39. Qd8+ Kh6 40. Qxb6
Be7 41. Qd4 Qg3 42. a4 Qb3 43. Re1 Qb7 {Anna Muzychuk scored a decent 6.5
points. Still, the first women's prize deservedly went to Ju Wenjun, who
played a fantastic tournament despite her final round loss.} 1-0